000 00295nam a2200121Ia 4500
005 20251222144718.0
008 251222s9999||||xx |||||||||||||| ||spa||
020 _a9972-9184-2-4
082 _a371.33/M61
245 0 _aMateriales Educativos:
264 _bMinisterio de Educación
942 _cLIB
999 _c18103
_d18103